| 000 | 00815nam a22002177a 4500 | ||
|---|---|---|---|
| 005 | 20120921114030.0 | ||
| 008 | 120921t xxu||||| |||| 00| 0 eng d | ||
| 010 | _aENG-105924 | ||
| 020 |
_a9788184553789 _c800.00 |
||
| 035 | _aEN-89457 | ||
| 037 | _bDBAD/PUB | ||
| 040 |
_aDPL _bEnglish |
||
| 082 | _a920 | ||
| 100 |
_952247 _aShiv Shanker |
||
| 245 |
_aNine nobel laureates in English literature / _cby Shiv Shanker |
||
| 260 |
_aNew Delhi _bOmega Publications _c2012 |
||
| 270 |
_a4378/4B, G-4 JMD House, Murari Lal Street, Ansari Road, Daryaganj _bNew Delhi _e110002 _momega_publications@yahoo.com |
||
| 300 |
_a261p. _c22cm(Hb) |
||
| 942 |
_2ddc _cEN _mSHI _h920 |
||
| 999 |
_c70186 _d70186 |
||